[Event "Konnerud GP B"]
[Site "Konnerud"]
[Date "2015.11.22"]
[Round "5"]
[White "Yilmaz, Kazim"]
[Black "Olsen, William Sandberg"]
[Result "1-0"]
[WhiteElo "1585"]
[BlackElo "1472"]
[PlyCount "77"]
[EventDate "2015.11.21"]
[EventType "swiss"]
[EventRounds "5"]
[EventCountry "NOR"]
[SourceTitle "EXT 2024"]
[Source "ChessBase"]
[SourceDate "2023.10.10"]
[SourceVersion "1"]
[SourceVersionDate "2023.10.10"]
[SourceQuality "1"]

1. c4 c5 2. Nc3 Nc6 3. Nf3 g6 4. g3 Bg7 5. Bg2 Nf6 6. 0-0 0-0 7. e4 d6 8. d3 a6 9. a3 Ne8 10. Be3 Nc7 11. Qd2 Re8 12. Bh6 Bh8 13. h4 Ne6 14. Ng5 Nxg5 15. Bxg5 Nd4 16. Qd1 Be6 17. h5 Qd7 18. hxg6 hxg6 19. Nd5 Bxd5 20. exd5 a5 21. Be3 Qf5 22. Bxd4 Bxd4 23. Be4 Qe5 24. Kg2 Bxb2 25. Rb1 Bxa3 26. f4 Qg7 27. f5 g5 28. f6 exf6 29. Rh1 Kf8 30. Rh7 Qg8 31. Qh5 Ke7 32. Rxb7+ Kd8 33. Rhxf7 Qh8 34. Qg4 f5 35. Qxf5 Qb2+ 36. Kf3 g4+ 37. Qxg4 Qxb7 38. Rxb7 Rf8+ 39. Kg2 1-0

[Event "Konnerud GP B"]
[Site "Konnerud"]
[Date "2015.11.21"]
[Round "2"]
[White "Olsen, William Sandberg"]
[Black "Sateren, Erlend"]
[Result "1-0"]
[WhiteElo "1472"]
[BlackElo "1474"]
[PlyCount "53"]
[EventDate "2015.11.21"]
[EventType "swiss"]
[EventRounds "5"]
[EventCountry "NOR"]
[SourceTitle "EXT 2024"]
[Source "ChessBase"]
[SourceDate "2023.10.10"]
[SourceVersion "1"]
[SourceVersionDate "2023.10.10"]
[SourceQuality "1"]

1. d4 d5 2. c4 c6 3. Nc3 Bf5 4. Nf3 Nf6 5. cxd5 cxd5 6. Qb3 Qc7 7. Nxd5 Nxd5 8. Qxd5 e6 9. Qb5+ Nc6 10. e3 Bd6 11. Be2 0-0 12. 0-0 Nb4 13. Bd2 Nd5 14. Rac1 Qe7 15. Qb3 Rac8 16. a3 Rc7 17. Rxc7 Qxc7 18. Rc1 Qb6 19. Qxb6 Nxb6 20. b4 a6 21. Ne1 Rd8 22. Nd3 f6 23. Nc5 Bxc5 24. bxc5 Nd5 25. Ba5 Rd7 26. c6 Re7 27. c7 1-0

[Event "NOR-ch U12"]
[Site "Bergen"]
[Date "2015.11.15"]
[Round "7"]
[White "Sjoberg, Isak"]
[Black "Olsen, William Sandberg"]
[Result "1/2-1/2"]
[WhiteElo "1729"]
[BlackElo "1472"]
[PlyCount "85"]
[EventDate "2015.11.13"]
[EventType "swiss"]
[EventRounds "7"]
[EventCountry "NOR"]
[SourceTitle "EXT 2024"]
[Source "ChessBase"]
[SourceDate "2023.10.10"]
[SourceVersion "1"]
[SourceVersionDate "2023.10.10"]
[SourceQuality "1"]

1. e4 c5 2. Nf3 d6 3. d4 cxd4 4. Qxd4 Nc6 5. Bb5 Bd7 6. Bxc6 Bxc6 7. Nc3 Nf6 8. Bg5 e6 9. 0-0-0 Be7 10. Qd3 Qc7 11. Nd4 a6 12. h4 h6 13. Bxf6 gxf6 14. Kb1 0-0-0 15. Nxc6 Qxc6 16. Qe3 Kb8 17. Rhe1 Rc8 18. Re2 h5 19. Nd5 Qe8 20. Nxe7 Qxe7 21. Red2 Rc6 22. Qg3 Rd8 23. Qf3 Rc5 24. Rd3 Qc7 25. R1d2 Qe7 26. Qd1 Kc7 27. g3 Re5 28. f4 Rc5 29. Qg1 Rc6 30. Qd1 Rc5 31. Qf3 f5 32. e5 d5 33. Qxh5 f6 34. Qe2 Rc4 35. Rd4 Rc6 36. R4d3 Rc4 37. Rd4 Rc6 38. exf6 Qxf6 39. Qe5+ Qxe5 40. fxe5 Rg8 41. Rg2 Rc4 42. Rxc4+ dxc4 43. Kc1 1/2-1/2

[Event "EU-ch U12 25th"]
[Site "Porec"]
[Date "2015.09.30"]
[Round "9"]
[White "Olsen, William Sandberg"]
[Black "Dabic, Stjepan"]
[Result "0-1"]
[WhiteElo "1584"]
[BlackElo "1482"]
[PlyCount "56"]
[EventDate "2015.09.21"]
[EventType "swiss"]
[EventRounds "9"]
[EventCountry "CRO"]
[SourceTitle "EXT 2016"]
[Source "ChessBase"]
[SourceDate "2015.10.08"]
[SourceVersion "1"]
[SourceVersionDate "2015.10.08"]
[SourceQuality "1"]

1. e4 c5 2. Nf3 d6 3. d4 cxd4 4. Nxd4 Nf6 5. Nc3 g6 6. Be3 Bg7 7. f3 0-0 8. Qd2 Nc6 9. 0-0-0 Bd7 10. Bc4 Rb8 11. Nxc6 bxc6 12. Bxa7 Rb7 13. Be3 Qb8 14. b3 c5 15. h4 Qa7 16. Bh6 Qa3+ 17. Kb1 Rb4 18. Bxg7 Kxg7 19. h5 Rxc4 20. hxg6 fxg6 21. Qh6+ Kf7 22. e5 dxe5 23. Rxd7 Rxc3 24. Rhd1 c4 25. R1d6 Nxd7 26. Qxh7+ Ke8 27. Qxg6+ Kd8 28. Rd5 cxb3 0-1

[Event "EU-ch U12 25th"]
[Site "Porec"]
[Date "2015.09.28"]
[Round "7"]
[White "Olsen, William Sandberg"]
[Black "Jordanov, Mihail"]
[Result "0-1"]
[WhiteElo "1584"]
[BlackElo "1276"]
[PlyCount "78"]
[EventDate "2015.09.21"]
[EventType "swiss"]
[EventRounds "9"]
[EventCountry "CRO"]
[SourceTitle "EXT 2016"]
[Source "ChessBase"]
[SourceDate "2015.10.08"]
[SourceVersion "1"]
[SourceVersionDate "2015.10.08"]
[SourceQuality "1"]

1. e4 e5 2. Nf3 Nc6 3. Bb5 a6 4. Ba4 Nf6 5. 0-0 b5 6. Bb3 Be7 7. Re1 0-0 8. a4 Bb7 9. d3 d6 10. Nbd2 Na5 11. Ba2 c5 12. c3 Qc7 13. d4 c4 14. Qe2 Rfe8 15. Bb1 Bf8 16. Nh4 g6 17. d5 Bg7 18. Bc2 Bc8 19. Nf1 Bd7 20. Ng3 Nb7 21. f4 Nc5 22. f5 Rf8 23. Rf1 Qd8 24. fxg6 fxg6 25. Bg5 Qb6 26. Be3 Ng4 27. Rf3 Bf6 28. a5 Qa7 29. Raf1 Bxh4 30. Rxf8+ Rxf8 31. Rxf8+ Kxf8 32. Nf1 Nxe3 33. Qxe3 Be8 34. Qh6+ Kg8 35. Ne3 Qe7 36. Ng4 Qg5 37. g3 Bd7 38. Qxg5 Bxg5 39. Kf2 Bxg4 0-1

[Event "Oslo Sveins op 8th"]
[Site "Oslo"]
[Date "2015.06.23"]
[Round "8"]
[White "Ellingsrud, Bjorn"]
[Black "Olsen, William Sandberg"]
[Result "1-0"]
[WhiteElo "1553"]
[BlackElo "1645"]
[PlyCount "84"]
[EventDate "2015.06.19"]
[EventType "swiss"]
[EventRounds "9"]
[EventCountry "NOR"]
[SourceTitle "CBM 167 Extra"]
[Source "ChessBase"]
[SourceDate "2015.09.14"]
[SourceVersion "1"]
[SourceVersionDate "2015.09.14"]
[SourceQuality "1"]

1. d3 Nf6 2. e4 d6 3. Nf3 g6 4. Bf4 Bg7 5. c3 0-0 6. h3 c5 7. Nbd2 Nc6 8. Be2 a6 9. a4 Rb8 10. 0-0 b5 11. axb5 axb5 12. Qc2 b4 13. Rfb1 Bd7 14. Be3 bxc3 15. bxc3 Qc7 16. Rxb8 Rxb8 17. d4 cxd4 18. cxd4 Qd8 19. Bc4 Rc8 20. Qa2 Be8 21. Rb1 Na5 22. e5 dxe5 23. dxe5 Nd7 24. e6 fxe6 25. Bxe6+ Kh8 26. Bxd7 Bxd7 27. Bb6 Qf8 28. Bxa5 Ra8 29. Qd5 Bf5 30. Rb7 Re8 31. Bb4 Qf6 32. Ra7 Rf8 33. Bxe7 Qb6 34. Rb7 Qa6 35. Bxf8 Bxf8 36. Qf7 Qa1+ 37. Nf1 Qg7 38. Ng5 Qxf7 39. Rxf7 Kg8 40. Ra7 Bc5 41. Rc7 Bb6 42. Rb7 Bd8 1-0

[Event "Oslo Sveins op 8th"]
[Site "Oslo"]
[Date "2015.06.22"]
[Round "6"]
[White "Kaasen, Tor Fredrik"]
[Black "Olsen, William Sandberg"]
[Result "1-0"]
[WhiteElo "2076"]
[BlackElo "1645"]
[PlyCount "55"]
[EventDate "2015.06.19"]
[EventType "swiss"]
[EventRounds "9"]
[EventCountry "NOR"]
[SourceTitle "CBM 167 Extra"]
[Source "ChessBase"]
[SourceDate "2015.09.14"]
[SourceVersion "1"]
[SourceVersionDate "2015.09.14"]
[SourceQuality "1"]

1. e4 e6 2. d4 d5 3. Nc3 Nf6 4. e5 Nfd7 5. f4 c5 6. Nf3 Nc6 7. Be3 Be7 8. Be2 0-0 9. Qd2 a6 10. 0-0 f6 11. f5 cxd4 12. Nxd4 Nxd4 13. Bxd4 Nxe5 14. Rad1 Nc4 15. Bxc4 dxc4 16. Qe2 Qc7 17. fxe6 Qc6 18. Rf3 Re8 19. Re3 b5 20. Re1 Bb7 21. Ne4 Rad8 22. c3 Rd5 23. Rg3 Kh8 24. Qg4 g6 25. Bxf6+ Bxf6 26. Nxf6 Re7 27. Nxd5 Qxd5 28. Qd4+ 1-0

[Event "Oslo Sveins op 8th"]
[Site "Oslo"]
[Date "2015.06.21"]
[Round "4"]
[White "Olsen, William Sandberg"]
[Black "Toby, Albert"]
[Result "0-1"]
[WhiteElo "1645"]
[BlackElo "2053"]
[PlyCount "74"]
[EventDate "2015.06.19"]
[EventType "swiss"]
[EventRounds "9"]
[EventCountry "NOR"]
[SourceTitle "CBM 167 Extra"]
[Source "ChessBase"]
[SourceDate "2015.09.14"]
[SourceVersion "1"]
[SourceVersionDate "2015.09.14"]
[SourceQuality "1"]

1. d4 c5 2. Nf3 Nf6 3. c4 g6 4. Nc3 Bg7 5. g3 Nc6 6. d5 Na5 7. e4 d6 8. Rb1 0-0 9. b3 a6 10. Bb2 e6 11. dxe6 fxe6 12. e5 Ng4 13. exd6 b5 14. cxb5 Bb7 15. Be2 axb5 16. 0-0 Qb6 17. Nh4 Qc6 18. Bf3 Rxf3 19. Nxf3 Ne5 20. Nd5 Nxf3+ 21. Qxf3 exd5 22. Bxg7 Kxg7 23. Qf4 Rf8 24. Qe5+ Kg8 25. Qe6+ Rf7 26. Rbe1 d4 27. f3 d3 28. Qe8+ Qxe8 29. Rxe8+ Kg7 30. Rfe1 Bxf3 31. d7 Rxd7 32. R1e7+ Rxe7 33. Rxe7+ Kf6 34. Rd7 c4 35. bxc4 bxc4 36. Kf2 Nc6 37. Rxh7 d2 0-1

[Event "Fagernes Norsk op-B"]
[Site "Fagernes"]
[Date "2015.03.29"]
[Round "5"]
[White "Tangelder, Yonne"]
[Black "Olsen, William Sandberg"]
[Result "1-0"]
[WhiteElo "1875"]
[BlackElo "1716"]
[PlyCount "73"]
[EventDate "2015.03.29"]
[EventType "swiss"]
[EventRounds "9"]
[EventCountry "NOR"]
[SourceTitle "EXT 2016"]
[Source "ChessBase"]
[SourceDate "2015.10.08"]
[SourceVersion "1"]
[SourceVersionDate "2015.10.08"]
[SourceQuality "1"]

1. e4 e6 2. d4 d5 3. e5 c5 4. c3 Nc6 5. Nf3 Nge7 6. Na3 cxd4 7. cxd4 Nf5 8. Nc2 Be7 9. Bd3 0-0 10. 0-0 Bd7 11. Ne3 Ncxd4 12. Nxf5 Nxf3+ 13. Qxf3 exf5 14. Bxf5 Bxf5 15. Qxf5 Qb6 16. Qd7 Qe6 17. Qxb7 Qxe5 18. Bf4 Qxf4 19. Qxe7 Qe4 20. Rfe1 Qxe7 21. Rxe7 Rfe8 22. Rae1 Kf8 23. Rxe8+ Rxe8 24. Rxe8+ Kxe8 25. f4 Kd7 26. Kf2 Kc6 27. Ke3 Kc5 28. Kd3 f5 29. a3 d4 30. h3 g6 31. g4 fxg4 32. hxg4 h5 33. f5 gxf5 34. gxh5 f4 35. h6 f3 36. h7 f2 37. Ke2 1-0

[Event "NOR-ch U10"]
[Site "Lillehammer"]
[Date "2013.06.29"]
[Round "6"]
[White "Olsen, William Sandberg"]
[Black "Lorem, Einar"]
[Result "1-0"]
[WhiteElo "884"]
[BlackElo "593"]
[PlyCount "55"]
[EventDate "2013.06.29"]
[EventType "swiss"]
[EventRounds "9"]
[EventCountry "NOR"]
[SourceTitle "EXT 2017"]
[Source "ChessBase"]
[SourceDate "2016.10.25"]
[SourceVersion "1"]
[SourceVersionDate "2016.10.25"]
[SourceQuality "1"]

1. d4 d5 2. c4 e6 3. Nc3 Nf6 4. Nf3 Nbd7 5. Bg5 Be7 6. e3 b6 7. cxd5 exd5 8. Bb5 0-0 9. 0-0 Bb7 10. Rc1 c5 11. Re1 Qc7 12. Bf1 Bd6 13. g3 Rfe8 14. Bg2 Nh5 15. dxc5 bxc5 16. Nxd5 Qb8 17. Nh4 Bc6 18. Qxh5 g6 19. Qd1 Qxb2 20. Nf6+ Nxf6 21. Bxc6 Ng4 22. Qxg4 Qxa2 23. Bxa8 Rxa8 24. Qc4 Qd2 25. Red1 Qb2 26. Rxd6 Qa3 27. Qxc5 Qa6 28. Rxa6 1-0